Où est Xav' ? - Statistiques

Statistiques générales
  • Ce quiz a été pris 4 fois
  • Le résultat moyen est 5 sur 17
Statistiques - réponses
Hint Réponse indice % Correct
20% dans l'ISS espace
100%
100% dehors en extérieur
100%
0% prison où il devrait être
100%
5% seychelles iles paradisiaques
100%
10% sur la Lune satellite naturel
100%
99% à l'école éducation
0%
95% association féministe noustoutes / #metoo
0%
25% au fin fond de la Sibérie énorme pays/région
0%
50% au kebab chez lui
0%
30% au sommet du mont everest montagne
0%
40% chez Louis Vuitton magasin de luxe
0%
3% cimetière fleurs et pleurs
0%
80% dans son jardin chez lui
0%
60% son armoire chez lui
0%
2% sous sa terrasse lieu du crime
0%
70% sous son lit chez lui
0%
1% tribunal où il devrait être
0%
Aucun quiz correspondant
Distribution des résultats
% des personnes avec chaque résultat
Percentile par nombre de réponses
Votre historique - résultats
Vous n’avez pas pris ce quiz